000 01137cam a22002415a 4500
001 L137986
008 070510E2007 xxk f 100 0 eng d
035 _a(Sirsi) u137986
041 0 _aeng
100 1 _aWong, Franky W.H.
245 0 0 _aOptimising procurement approaches to address "constructability" problems
_h[electronic resource]
260 _c2005
490 0 _aCOBRA
_v2005
520 _aDiscusses the effects of different procurement methods on constructability, such as those of design-bid-build, design and build, develop and construct, and management contracting. Reports that early involvement of contractors in the design stage, allowing enough time for design and tender activities increases constructability.
590 _aKA
651 4 _aInternational
690 _aProcurement
_96260
700 1 _aLam, Patrick T.I.
700 1 _aChan, Edwin H.W.
711 2 _aConstruction and Building Research Conference
_cUniversity of Queensland, Brisbane
_d4-5 July 2005
856 4 0 _uhttps://www.rics.org/site/scripts/download_info.aspx?downloadID=2573
_zView the item free of charge at www.rics.org...
942 _n0
999 _c106962
_d106962